Delegation of financial powers in Indo-Tibetan border police (Record no. 501456)

000 -LEADER
fixed length control field 00447cam a22001337a 4500
008 - FIXED-LENGTH DATA ELEMENTS--GENERAL INFORMATION
fixed length control field 180718b1988 xxu||||| |||| 00| 0 eng d
082 ## - DEWEY DECIMAL CLASSIFICATION NUMBER
Classification number APPPA 87-88 BHA
100 ## - MAIN ENTRY--PERSONAL NAME
Personal name Bhangu, T.S.
245 ## - TITLE STATEMENT
Title Delegation of financial powers in Indo-Tibetan border police
Statement of responsibility, etc. by T.S. Bhangu
260 ## - PUBLICATION, DISTRIBUTION, ETC.
Place of publication, distribution, etc. New Delhi
Name of publisher, distributor, etc. Indian Institute of Public Administration
Date of publication, distribution, etc. 1988
300 ## - PHYSICAL DESCRIPTION
Extent 111p.
650 ## - SUBJECT ADDED ENTRY--TOPICAL TERM
Topical term or geographic name entry element Indo-Tibetan border police
650 ## - SUBJECT ADDED ENTRY--TOPICAL TERM
Topical term or geographic name entry element Delegation-Financial powers
Holdings
Withdrawn status Lost status Damaged status Not for loan Permanent Location Current Location Date acquired Full call number Barcode Date last seen Price effective from Koha item type
        Indian Institute of Public Administration Indian Institute of Public Administration 2018-08-04 APPPA 87-88 BHA GR12122 2018-08-04 2018-08-04 GR

Powered by Koha